<?xml version="1.0" encoding="UTF-8"?>
<record
    xmlns:xsi="http://www.w3.org/2001/XMLSchema-instance"
    xsi:schemaLocation="http://www.loc.gov/MARC21/slim http://www.loc.gov/standards/marcxml/schema/MARC21slim.xsd"
    xmlns="http://www.loc.gov/MARC21/slim">

  <leader>02175nam a22003017a 4500</leader>
  <controlfield tag="001">8550</controlfield>
  <controlfield tag="003">FISKH</controlfield>
  <controlfield tag="005">20250929120856.0</controlfield>
  <controlfield tag="008">250929b        cb ||||| |||| 00| 0 eng d</controlfield>
  <datafield tag="020" ind1=" " ind2=" ">
    <subfield code="a">9789995094119</subfield>
  </datafield>
  <datafield tag="040" ind1=" " ind2=" ">
    <subfield code="a">FISKH</subfield>
    <subfield code="b">khr</subfield>
    <subfield code="c">FISKH</subfield>
    <subfield code="d">FISKH</subfield>
  </datafield>
  <datafield tag="050" ind1=" " ind2=" ">
    <subfield code="a">PZ7</subfield>
  </datafield>
  <datafield tag="100" ind1=" " ind2=" ">
    <subfield code="a">Sotheary, Kimsun</subfield>
  </datafield>
  <datafield tag="245" ind1=" " ind2=" ">
    <subfield code="a">&#x1794;&#x17BB;&#x179A;&#x179F;&#x1787;&#x17B8;&#x1780;&#x1780;&#x17D2;&#x178F;&#x17B6;&#x1798;&#x200B; : </subfield>
    <subfield code="b">The crabber / </subfield>
    <subfield code="c">&#x179A;&#x17C0;&#x1794;&#x179A;&#x17C0;&#x1784;&#x178A;&#x17C4;&#x1799; &#x17A2;&#x17D2;&#x1793;&#x1780;&#x179F;&#x17D2;&#x179A;&#x17B8; &#x1782;&#x17B9;&#x1798;&#x179F;&#x17CA;&#x17BB;&#x1793; &#x179F;&#x17BB;&#x1792;&#x17B6;&#x179A;&#x17B8; , &#x179C;&#x17B7;&#x1785;&#x17B7;&#x178F;&#x17D2;&#x179A;&#x1780;&#x179A;&#x179A;&#x17BC;&#x1794;&#x1797;&#x17B6;&#x1796;&#x178A;&#x17C4;&#x1799;&#x200B; &#x179B;&#x17C4;&#x1780; &#x1790;&#x17B6; &#x179A;&#x17C9;&#x17B6;&#x1794;&#x17CA;&#x17B8; </subfield>
  </datafield>
  <datafield tag="260" ind1=" " ind2=" ">
    <subfield code="a">Phnom Penh : </subfield>
    <subfield code="b">Reading Books , </subfield>
    <subfield code="c">2008. </subfield>
  </datafield>
  <datafield tag="300" ind1=" " ind2=" ">
    <subfield code="a">24 pages : </subfield>
    <subfield code="b">color illustrations ;</subfield>
    <subfield code="c">25 cm .</subfield>
  </datafield>
  <datafield tag="490" ind1=" " ind2=" ">
    <subfield code="a">&#x1796;&#x17B7;&#x1797;&#x1796;&#x1787;&#x17B8;&#x1780;&#x1780;&#x17D2;&#x178F;&#x17B6;&#x1798;</subfield>
  </datafield>
  <datafield tag="505" ind1=" " ind2=" ">
    <subfield code="a">M 
</subfield>
  </datafield>
  <datafield tag="520" ind1=" " ind2=" ">
    <subfield code="a">&#x1798;&#x17B6;&#x1793;&#x1794;&#x17BB;&#x179A;&#x179F;&#x1780;&#x17D2;&#x179A;&#x17B8;&#x1780;&#x17D2;&#x179A;&#x1798;&#x17D2;&#x1793;&#x17B6;&#x1780;&#x17CB;&#x179A;&#x1780;&#x179F;&#x17BB;&#x17B8;&#x1785;&#x17B7;&#x1789;&#x17D2;&#x1785;&#x17BA;&#x1798;&#x1787;&#x17B8;&#x179C;&#x17B7;&#x178F;&#x178A;&#x17C4;&#x1799;&#x1780;&#x17B6;&#x179A;&#x1787;&#x17B8;&#x1780;&#x1780;&#x17D2;&#x178F;&#x17B6;&#x1798; &#x17D4; &#x1782;&#x17B6;&#x178F;&#x17CB;&#x1799;&#x1780;&#x1780;&#x17D2;&#x178F;&#x17B6;&#x1798;&#x1791;&#x17C5;&#x179B;&#x1780;&#x17CB;&#x1793;&#x17C5;&#x1795;&#x17D2;&#x179F;&#x17B6;&#x179A;&#x1780;&#x17CF;&#x1794;&#x17B6;&#x1793;&#x17C1;&#x1787;&#x17BD;&#x1794;&#x1793;&#x17B9;&#x1784;&#x1793;&#x17B6;&#x1784;&#x1796;&#x17C5;&#x178A;&#x17C2;&#x179B;&#x1787;&#x17B6;&#x179A;&#x1794;&#x179F;&#x17CB;&#x179F;&#x17C1;&#x178A;&#x17D2;&#x178B;&#x17B8; &#x17D4; &#x1793;&#x17B6;&#x1784;&#x1780;&#x17CF;&#x1794;&#x17B6;&#x1793;&#x1785;&#x17B6;&#x1794;&#x17CB;&#x1785;&#x17B7;&#x178F;&#x17D2;&#x178F;&#x179F;&#x17D2;&#x179A;&#x179B;&#x17B6;&#x1789;&#x17CB;&#x1794;&#x17BB;&#x179A;&#x179F;&#x1793;&#x17C4;&#x17C7;&#x17D4;&#x200B; &#x1796;&#x17BD;&#x1780;&#x1782;&#x17C1;&#x1780;&#x17CF;&#x1794;&#x17B6;&#x1793;&#x179A;&#x179F;&#x17CB;&#x1793;&#x17C5;&#x1787;&#x17B6;&#x1798;&#x17BD;&#x1799;&#x1782;&#x17D2;&#x1793;&#x17B6; &#x17A0;&#x17BE;&#x1799;&#x1781;&#x17C6;&#x179A;&#x1780;&#x179F;&#x17BB;&#x17B8;&#x179A;&#x17A0;&#x17BC;&#x178F;&#x1798;&#x17B6;&#x1793;&#x1794;&#x17D2;&#x179A;&#x17B6;&#x1780;&#x17CB;&#x1785;&#x17D2;&#x179A;&#x17BE;&#x1793; &#x1780;&#x17CF;&#x1794;&#x17B6;&#x1793;&#x1791;&#x17C5;&#x179A;&#x179F;&#x17CB;&#x1793;&#x17C5;&#x1787;&#x17B6;&#x1798;&#x17BD;&#x1799;&#x17AA;&#x1796;&#x17BB;&#x1780;&#x1798;&#x17D2;&#x178F;&#x17B6;&#x1799;&#x1793;&#x17B6;&#x1784;&#x1796;&#x17C5;&#x178A;&#x17C2;&#x179B;&#x1787;&#x17B6;&#x179F;&#x17C1;&#x178A;&#x17D2;&#x178B;&#x17B8;&#x1793;&#x17C4;&#x17C7;&#x179C;&#x17B7;&#x1789; </subfield>
  </datafield>
  <datafield tag="520" ind1=" " ind2=" ">
    <subfield code="a">There was a poor man who made a living by catching crabs. He sold the crabs at the market, where he met a young woman named Pov, the daughter of a wealthy family. She fell in love with him, and they eventually lived together. They worked hard to earn a living and gradually became wealthy. Later, they went to live with Pov's parents, who were rich.</subfield>
  </datafield>
  <datafield tag="521" ind1="8" ind2=" ">
    <subfield code="a">550 
</subfield>
    <subfield code="b">Lexile estimate 
</subfield>
  </datafield>
  <datafield tag="521" ind1="8" ind2=" ">
    <subfield code="a">M 
</subfield>
    <subfield code="b">Raz-Plus 
</subfield>
  </datafield>
  <datafield tag="650" ind1=" " ind2=" ">
    <subfield code="a">&#x1794;&#x17BB;&#x179A;&#x179F;&#x1787;&#x17B8;&#x1780;&#x17D2;&#x178F;&#x17B6;&#x1798;</subfield>
    <subfield code="v">&#x179A;&#x17BF;&#x1784;&#x1793;&#x17B7;&#x1791;&#x17B6;&#x1793;&#x1780;&#x17BB;&#x1798;&#x17B6;&#x179A;</subfield>
  </datafield>
  <datafield tag="650" ind1=" " ind2=" ">
    <subfield code="a">The crabber </subfield>
    <subfield code="v">Children's stories </subfield>
  </datafield>
  <datafield tag="700" ind1=" " ind2=" ">
    <subfield code="a">Ra B , Tha </subfield>
    <subfield code="e">Illustrator</subfield>
  </datafield>
  <datafield tag="942" ind1=" " ind2=" ">
    <subfield code="2">ddc</subfield>
    <subfield code="c">KHB</subfield>
    <subfield code="n">0</subfield>
  </datafield>
  <datafield tag="999" ind1=" " ind2=" ">
    <subfield code="c">8550</subfield>
    <subfield code="d">8550</subfield>
  </datafield>
  <datafield tag="952" ind1=" " ind2=" ">
    <subfield code="0">0</subfield>
    <subfield code="1">0</subfield>
    <subfield code="2">ddc</subfield>
    <subfield code="4">0</subfield>
    <subfield code="7">0</subfield>
    <subfield code="8">Khmer-English Bilingual </subfield>
    <subfield code="a">002</subfield>
    <subfield code="b">002</subfield>
    <subfield code="c">TTP Khmer</subfield>
    <subfield code="d">2025-09-29</subfield>
    <subfield code="l">0</subfield>
    <subfield code="o">KIM PZ7</subfield>
    <subfield code="p">FIS04212</subfield>
    <subfield code="r">2025-09-29 12:08:28</subfield>
    <subfield code="t">1</subfield>
    <subfield code="w">2025-09-29</subfield>
    <subfield code="y">KHB</subfield>
  </datafield>
  <datafield tag="952" ind1=" " ind2=" ">
    <subfield code="0">0</subfield>
    <subfield code="1">0</subfield>
    <subfield code="2">ddc</subfield>
    <subfield code="4">0</subfield>
    <subfield code="7">0</subfield>
    <subfield code="8">Khmer-English Bilingual </subfield>
    <subfield code="a">002</subfield>
    <subfield code="b">002</subfield>
    <subfield code="c">TTP Khmer</subfield>
    <subfield code="d">2025-11-11</subfield>
    <subfield code="l">0</subfield>
    <subfield code="o">KIM PZ7</subfield>
    <subfield code="p">FIS04141</subfield>
    <subfield code="r">2025-11-11 14:10:19</subfield>
    <subfield code="t">2</subfield>
    <subfield code="w">2025-11-11</subfield>
    <subfield code="y">KHB</subfield>
  </datafield>
  <datafield tag="952" ind1=" " ind2=" ">
    <subfield code="0">0</subfield>
    <subfield code="1">0</subfield>
    <subfield code="2">ddc</subfield>
    <subfield code="4">0</subfield>
    <subfield code="7">0</subfield>
    <subfield code="8">Khmer-English Bilingual </subfield>
    <subfield code="a">002</subfield>
    <subfield code="b">002</subfield>
    <subfield code="c">TTP Khmer</subfield>
    <subfield code="d">2025-11-11</subfield>
    <subfield code="l">0</subfield>
    <subfield code="o">KIM PZ7</subfield>
    <subfield code="p">FIS04062</subfield>
    <subfield code="r">2025-11-11 14:16:07</subfield>
    <subfield code="t">3</subfield>
    <subfield code="w">2025-11-11</subfield>
    <subfield code="y">KHB</subfield>
  </datafield>
</record>
